|
|
|
|
| LEADER |
00000nab a2200000 a 4500 |
| 001 |
vtls000692588 |
| 003 |
SK-MaSNL |
| 005 |
20260302180317.0 |
| 008 |
180206c1999 xo 0 slo |
| 015 |
|
|
|a SNBRB1999/06-14666
|
| 035 |
|
|
|a CLN000044755
|
| 040 |
|
|
|a SNKBUCL
|b slo
|c SNKBUCL
|e AACR2
|
| 041 |
0 |
|
|a slo
|
| 044 |
|
|
|a xo
|c SK
|
| 080 |
|
|
|a 394.4(437.6)
|2 UDC-MRF-SK2
|
| 080 |
|
|
|a 264-031:282:061.7
|2 UDC-MRF-SK2
|
| 080 |
|
|
|a 008:061.2(437.6)
|2 UDC-MRF-SK2
|
| 080 |
|
|
|a 930.85:061.2(437.6)
|2 UDC-MRF-SK2
|
| 100 |
1 |
|
|a Romaňák, Peter
|4 aut
|9 275326
|
| 245 |
1 |
0 |
|a Kto nezužitkuje múdrosť vekov, žije zo dňa na deň
|b sedem divov Slovenska a sedem vzdelaných mužov
|c Peter Romaňák
|
| 300 |
|
|
|b Obr.
|
| 610 |
|
7 |
|a Cyrilometodská spoločnosť
|x púť národná
|y 1999
|2 snkbucl
|9 889174
|
| 611 |
1 |
7 |
|a Rok kresťanskej kultúry
|d 1999
|2 snkbucl
|9 889175
|
| 650 |
0 |
7 |
|a kresťanstvo
|z Slovensko
|x šírenie
|x svätí Sedmopočetníci
|2 snkbucl
|9 889176
|
| 655 |
|
7 |
|a články z novín a časopisov
|2 snkbucl
|9 267496
|
| 773 |
0 |
|
|t Slovenská republika
|g Roč. 7, č. 144 (24.6.1999), s. 5
|
| 850 |
|
|
|a Slovenská národná knižnica v Martine
|
| 852 |
|
|
|a SNK
|b KIS3GCP
|
| 958 |
|
|
|a RBX
|
| 999 |
|
|
|c 1410112
|d 1412042
|